Volcanoes and earthquakes (Record no. 584)

MARC details
000 -LEADER
fixed length control field 00689nam a22002537a 4500
005 - DATE AND TIME OF LATEST TRANSACTION
control field 20230619132806.0
020 ## - INTERNATIONAL STANDARD BOOK NUMBER
International Standard Book Number 078073003990
040 ## - CATALOGING SOURCE
Original cataloging agency FISKH
Language of cataloging eng
050 ## - LIBRARY OF CONGRESS CALL NUMBER
Classification number QE521.3
082 ## - DEWEY DECIMAL CLASSIFICATION NUMBER
Classification number 551.21
100 ## - MAIN ENTRY--PERSONAL NAME
Personal name Lauber, Patricia
245 ## - TITLE STATEMENT
Title Volcanoes and earthquakes
Statement of responsibility, etc. Patricia Lauber
260 ## - PUBLICATION, DISTRIBUTION, ETC.
Place of publication, distribution, etc. New York :
Name of publisher, distributor, etc. Scholastic.
Date of publication, distribution, etc. 1985.
300 ## - PHYSICAL DESCRIPTION
Extent 74 pages :
Dimensions 20 cm.
505 ## - FORMATTED CONTENTS NOTE
Formatted contents note O
520 ## - SUMMARY, ETC.
Summary, etc. Discusses how earthquakes and volcanic eruptions occur and how they can be predicted.
521 ## - TARGET AUDIENCE NOTE
Target audience note 840 <br/>
Source Lexile
521 ## - TARGET AUDIENCE NOTE
Target audience note O <br/>
Source Raz-Plus
650 ## - SUBJECT ADDED ENTRY--TOPICAL TERM
Topical term or geographic name entry element volcanoes
650 ## - SUBJECT ADDED ENTRY--TOPICAL TERM
Topical term or geographic name entry element earthquakes
942 ## - ADDED ENTRY ELEMENTS (KOHA)
Source of classification or shelving scheme Dewey Decimal Classification
Koha item type Books
Suppress in OPAC No
999 ## -
-- 584
-- 584
Holdings
Withdrawn status Lost status Source of classification or shelving scheme Damaged status Not for loan Collection Home library Current library Shelving location Date acquired Total Checkouts Full call number Barcode Date last seen Price effective from Koha item type
    Dewey Decimal Classification     Fiction Footprints International School Library Network Toul Kork Campus Footprints International School Library Network Toul Kork Campus A TK Campus, 4th Floor, Room B401, Fiction Bookcases (1-6) 06/19/2023   LAU 551.21QE521.3 FISTK00647 06/19/2023 06/19/2023 Books